[Event "Miedzynarodowy Festiwal Szachowy VARSOVIA 2019 - grupa A"]
[Site "Warszawa"]
[Date "1899-12-30"]
[Round "1.27"]
[White "Kolasinski, Krzysztof"]
[Black "Siekanska, Maria"]
[Result "1/2-1/2"]
[WhiteTitle "I++"]
[BlackTitle "I++"]
[WhiteElo "2115"]
[BlackElo "1773"]

1. d4 d5 2. c4 e6 3. Nc3 c5 4. cxd5 exd5 5. Nf3 Nc6 6. g3 Nf6 7. Bg2 Be7 8. O-O
O-O 9. dxc5 Bxc5 10. Bg5 d4 11. Bxf6 Qxf6 12. Ne4 Qe7 13. Nxc5 Qxc5 14. a3 Bg4
15. Rc1 Qb6 16. Qd2 Rad8 17. h3 Bh5 18. b4 Rfe8 19. Rc5 Bg6 20. Nh4 d3 21. exd3
Rxd3 22. Qc1 Nd4 23. Rc8 Ne2+ 24. Kh2 Rdd8 25. Rxd8 Rxd8 26. Qc5 Bd3 27. Rd1 Qxc5
28. bxc5 Nc3 29. Rc1 Ne4 30. f3 Nf6 31. f4 Be4 32. Bxe4 Nxe4 33. c6 bxc6 34. Rxc6
g6 35. Ra6 1/2-1/2

[Event "Miedzynarodowy Festiwal Szachowy VARSOVIA 2019 - grupa A"]
[Site "Warszawa"]
[Date "1899-12-30"]
[Round "2.1"]
[White "Kislinsky, Alexey"]
[Black "Stachanczyk, Jacek"]
[Result "1-0"]
[WhiteTitle "GM"]
[BlackTitle "IM"]
[WhiteElo "2460"]
[BlackElo "2160"]

1. e4 c5 2. c3 Nf6 3. e5 Nd5 4. Bc4 Nb6 5. Bb3 Nc6 6. Nf3 c4 7. Bc2 d6 8. exd6
Qxd6 9. O-O Bg4 10. h3 Bh5 11. Re1 Rd8 12. Na3 e6 13. b3 cxb3 14. axb3 Be7 15.
d4 O-O 16. Nc4 Nxc4 17. bxc4 Qc7 18. Qe2 b6 19. d5 exd5 20. cxd5 Bxf3 21. Qxf3
Ne5 22. Qf5 Ng6 23. c4 Qxc4 24. Ra4 Qxd5 25. Qxd5 Rxd5 26. Rxa7 Bc5 27. g3 Ne5
28. Kg2 Rd7 29. Rxd7 Nxd7 30. g4 Nf6 31. g5 Nd5 32. Rd1 Nc7 33. Rd7 Ne6 34. Bb3
Rc8 35. f4 g6 36. Bd2 Re8 37. Bxe6 fxe6 38. Bc3 Bf8 39. Bf6 b5 40. Rb7 b4 41.
Kf3 Ra8 42. h4 Ra2 43. Be5 Rh2 44. f5 1-0

[Event "Miedzynarodowy Festiwal Szachowy VARSOVIA 2019 - grupa A"]
[Site "Warszawa"]
[Date "1899-12-30"]
[Round "2.2"]
[White "Goslawski, Michal"]
[Black "Martins, David Pires Tavares"]
[Result "0-1"]
[WhiteTitle "k+"]
[BlackTitle "IM"]
[WhiteElo "2157"]
[BlackElo "2422"]

1. Nf3 d6 2. d4 f5 3. b3 Nf6 4. Bb2 g6 5. g3 Bg7 6. Bg2 O-O 7. O-O Qe8 8. c4 Na6
9. d5 c6 10. Nc3 Bd7 11. Nd4 Nc7 12. b4 Rb8 13. a4 Qf7 14. Qb3 Na6 15. Rfd1 c5
16. bxc5 Nxc5 17. Qa2 g5 18. Ne6 Nxe6 19. dxe6 Bxe6 20. Nd5 f4 21. gxf4 gxf4 22.
Rab1 Ng4 23. Bf3 Qh5 0-1

[Event "Miedzynarodowy Festiwal Szachowy VARSOVIA 2019 - grupa A"]
[Site "Warszawa"]
[Date "1899-12-30"]
[Round "2.3"]
[White "Eggink, Ryszard"]
[Black "Rahul Kumar, Pune"]
[Result "1-0"]
[WhiteTitle "m"]
[BlackTitle ""]
[WhiteElo "2402"]
[BlackElo "2148"]

1. e4 b6 2. d4 Bb7 3. Bd3 e6 4. c4 f5 5. Nc3 Nf6 6. Bg5 h6 7. Bxf6 Qxf6 8. Nge2
fxe4 9. Bxe4 Bxe4 10. Nxe4 Qh4 11. Qd3 Bb4+ 12. N2c3 d5 13. cxd5 Bxc3+ 14. Nxc3
O-O 15. O-O exd5 16. Nxd5 Nc6 17. Nxc7 Rac8 18. Ne6 Rf6 19. Rae1 Re8 20. d5 Nb4
21. Qb5 Re7 22. g3 Rg6 23. Kh1 Qh5 24. Nf4 Qf3+ 25. Kg1 Rxe1 26. Rxe1 Qxf4 27.
Qe8+ Kh7 28. Qxg6+ Kxg6 29. gxf4 Nxd5 30. Rd1 Nf6 31. Kg2 Kf5 32. Kf3 h5 33. a4
g6 34. a5 1-0

[Event "Miedzynarodowy Festiwal Szachowy VARSOVIA 2019 - grupa A"]
[Site "Warszawa"]
[Date "1899-12-30"]
[Round "2.4"]
[White "Czerwonski, Aleksander"]
[Black "Smieszek, Wojciech"]
[Result "1-0"]
[WhiteTitle "IM"]
[BlackTitle "k"]
[WhiteElo "2358"]
[BlackElo "2140"]

1. d4 Nf6 2. c4 c5 3. d5 e6 4. Nc3 exd5 5. cxd5 d6 6. Nf3 g6 7. Bg5 Bg7 8. Nd2
Nbd7 9. e3 O-O 10. Be2 a6 11. a4 Re8 12. Bf4 Ne5 13. Bxe5 Rxe5 14. Nc4 Re8 15.
a5 Ne4 16. Nxe4 Rxe4 17. Qc2 Bf5 18. Bd3 Qh4 19. Ra4 Rae8 20. O-O Bd7 21. Ra2
Rg4 22. g3 Qh3 23. f4 g5 24. Qg2 Qxg2+ 25. Kxg2 gxf4 26. exf4 Bf8 27. b3 Kh8 28.
Re2 Rxe2+ 29. Bxe2 Rg8 30. Bh5 Kg7 31. Re1 Kf6 32. Kf3 Be7 33. g4 Re8 34. Nb6
Bb5 35. g5+ Kg7 36. Bg4 Kf8 37. Bf5 Bd8 38. Rxe8+ Kxe8 39. Bxh7 Bxb6 40. axb6
a5 41. Ke3 c4 42. bxc4 Bxc4 43. Kd4 Bb3 44. Be4 a4 45. Kc3 f6 46. h4 Kf7 47. h5
fxg5 48. fxg5 Bd1 49. h6 a3 50. g6+ Kg8 51. Bf5 a2 52. Kb2 Bb3 53. Be6+ 1-0

[Event "Miedzynarodowy Festiwal Szachowy VARSOVIA 2019 - grupa A"]
[Site "Warszawa"]
[Date "1899-12-30"]
[Round "2.5"]
[White "Fiszer, Bartosz"]
[Black "Chylewski, Patryk"]
[Result "1/2-1/2"]
[WhiteTitle "CM"]
[BlackTitle "FM"]
[WhiteElo "2146"]
[BlackElo "2357"]

1. e4 c5 2. Nf3 d6 3. d4 cxd4 4. Nxd4 Nf6 5. Nc3 a6 6. Bg5 e6 7. f4 h6 8. Bh4 Qb6
9. a3 Nbd7 10. Be2 Be7 11. Bf2 Qc7 12. Bf3 Nc5 13. O-O e5 14. Nf5 Bxf5 15. exf5
exf4 16. Nd5 Nxd5 17. Qxd5 Rb8 18. Rae1 O-O 19. b4 Na4 20. Qb3 b5 21. Bd4 Bf6
22. Bxf6 gxf6 23. Bd5 Rbe8 24. Qf3 Nc3 25. Bxf7+ Qxf7 26. Qxc3 Qa7+ 27. Kh1 Re3
28. Qd2 Qe7 29. Rd1 Qe4 30. Qxd6 Re2 31. Qd5+ Qxd5 32. Rxd5 Rc8 33. h3 Rcxc2 34.
Rxf4 Rxg2 35. Rg4+ Rxg4 36. hxg4 Ra2 37. Rd6 Rxa3 38. Rxf6 Kg7 1/2-1/2

[Event "Miedzynarodowy Festiwal Szachowy VARSOVIA 2019 - grupa A"]
[Site "Warszawa"]
[Date "1899-12-30"]
[Round "2.6"]
[White "Luczak, Filip"]
[Black "Niekras, Dawid"]
[Result "1/2-1/2"]
[WhiteTitle "CM"]
[BlackTitle "FM"]
[WhiteElo "2137"]
[BlackElo "2331"]

1. d4 Nf6 2. c4 g6 3. Nf3 Bg7 4. g3 O-O 5. Bg2 d5 6. cxd5 Nxd5 7. O-O c5 8. Nc3
cxd4 9. Nxd4 Nb6 10. Ndb5 Nc6 11. Qxd8 Rxd8 12. Bf4 Bf5 13. e4 Be6 14. Rfd1 Nc4
15. Rab1 Rxd1+ 16. Nxd1 Rd8 17. b3 N4e5 18. Nc7 Bc8 19. Nd5 Kf8 20. Bc1 e6 21.
Ba3+ Ke8 22. N5e3 Rd2 23. Nc3 Nd4 24. Rd1 Ndf3+ 25. Bxf3 Nxf3+ 26. Kg2 Rxd1 27.
Ncxd1 Nd4 28. Nc4 Nb5 29. Bb2 Bxb2 30. Ncxb2 e5 31. f3 Ke7 32. Kf2 Nd6 33. Nc3
Ke6 34. Ke3 b6 35. Nd3 Bb7 36. Nb4 f5 37. Nbd5 fxe4 38. fxe4 Nxe4 39. Nc7+ Kd7
40. Nxe4 Kxc7 41. Ng5 Kd6 42. Nxh7 Ke6 43. Ng5+ Kf5 44. Nh3 Bd5 45. Nf2 a5 46.
h4 b5 47. g4+ Ke6 48. Nd3 Kd6 49. h5 gxh5 50. gxh5 Bf7 51. Ke4 Bxh5 52. Nxe5 Bd1
53. Kd4 a4 54. bxa4 Bxa4 55. Ke4 Kxe5+ 1/2-1/2

[Event "Miedzynarodowy Festiwal Szachowy VARSOVIA 2019 - grupa A"]
[Site "Warszawa"]
[Date "1899-12-30"]
[Round "2.7"]
[White "Dzida, Kamil"]
[Black "Chyzy, Jakub"]
[Result "1-0"]
[WhiteTitle "k"]
[BlackTitle "FM"]
[WhiteElo "2090"]
[BlackElo "2291"]

1. e4 e6 2. d4 d5 3. Nc3 Nf6 4. e5 Nfd7 5. f4 c5 6. Nf3 Nc6 7. Be3 a6 8. Qd2 b5
9. a3 Qb6 10. Qf2 cxd4 11. Nxd4 Bc5 12. Nce2 b4 13. c3 bxc3 14. b4 c2 15. bxc5
Qb1+ 16. Nc1 Qxa1 17. Nxc6 Qxa3 18. Bd3 Bb7 19. Nd4 Qc3+ 20. Bd2 Qxc5 21. O-O
O-O 22. Bxc2 f5 23. Ncb3 Qe7 24. Na5 Bc8 25. Rc1 Re8 26. Bb3 Nf8 27. Qe1 Bd7 28.
Nb7 Bb5 29. Nd6 Reb8 30. Ba5 Qa7 31. Qf2 Bc4 32. Nxc4 Rc8 33. Nf3 Qxf2+ 34. Kxf2
Rab8 35. Nd4 dxc4 36. Rxc4 Rxc4 37. Bxc4 Rc8 38. Bb3 Rb8 39. Ke3 Kf7 40. Bc7 Rc8
41. Bd6 g6 42. Bxf8 Kxf8 43. Nxe6+ Ke7 44. Nd4 a5 45. Kd2 a4 46. Bxa4 Rc4 47.
Nc6+ Kf8 48. Bb5 Rxf4 49. Ke3 Re4+ 50. Kf3 Kf7 51. Bd3 Ra4 52. Bc2 Ra3+ 53. Kf4
Rc3 54. Nd4 Ke7 55. Bb1 Rc4 56. Ke3 Rc3+ 57. Bd3 Rc5 58. Nf3 Ra5 59. h4 Ra2 60.
g3 Ra5 61. h5 Ra1 62. Ng5 gxh5 63. Bxf5 h6 64. Nf3 Ra4 65. Nd4 Ra3+ 66. Bd3 Ra1
67. Ke4 Ra4 68. Be2 h4 69. gxh4 Kf8 70. Kd5 Rb4 71. Nf5 Ra4 72. Ke6 Rb4 73. Kf6
Rb6+ 74. e6 Rc6 75. Nxh6 Rb6 76. Nf5 Kg8 77. h5 Kf8 78. Bc4 Rc6 79. Bd5 Ra6 80.
Kg5 Ke8 81. h6 Ra7 82. Bc6+ Kf8 83. e7+ 1-0

[Event "Miedzynarodowy Festiwal Szachowy VARSOVIA 2019 - grupa A"]
[Site "Warszawa"]
[Date "1899-12-30"]
[Round "2.8"]
[White "Chomczyk, Marek"]
[Black "Seemann, Jakub"]
[Result "0-1"]
[WhiteTitle "k++"]
[BlackTitle "I+"]
[WhiteElo "2274"]
[BlackElo "2050"]

1. e4 c5 2. Nf3 d6 3. d4 cxd4 4. Nxd4 Nf6 5. Nc3 a6 6. Bg5 e6 7. f4 h6 8. Bh4 Be7
9. Qf3 Qc7 10. O-O-O Nbd7 11. Be2 O-O 12. g4 b5 13. g5 hxg5 14. fxg5 Ne5 15. Qg3
Nh7 16. g6 Nxg6 17. Bxe7 Qxe7 18. h4 Qf6 19. Nc6 Nf4 20. Rhf1 e5 21. Bg4 Qh6 22.
Ne7+ Kh8 23. Kb1 Bxg4 24. Qxg4 b4 25. Ncd5 Nf6 26. Nxf6 Qxf6 27. Rg1 g6 28. Nd5
Nxd5 29. exd5 Qf5 30. Qxb4 Rac8 31. Qd2 Rc4 32. Rg5 Qf4 33. Qg2 Rfc8 34. Rc1 Rd4
35. h5 Rxc2 36. Qxc2 Qxg5 37. Qc6 Qxh5 38. Qxd6 Qf5+ 39. Ka1 Kg7 40. Qc5 Qd7 41.
Rh1 Qxd5 42. Qc1 Rd2 43. a3 Qd4 44. Ka2 Rxb2+ 45. Qxb2 Qd5+ 46. Qb3 Qxh1 47. a4
e4 48. Qc3+ Kh7 49. Qf6 Qf3 50. Qc6 Qf2+ 51. Ka3 e3 52. Qc5 Qf3 53. Qc3 Qe4 54.
a5 Qe7+ 55. Ka4 e2 56. Qh3+ Kg7 57. Qc3+ f6 58. Qe1 Qd7+ 59. Ka3 Qd1 60. Qc3 e1=Q
0-1

[Event "Miedzynarodowy Festiwal Szachowy VARSOVIA 2019 - grupa A"]
[Site "Warszawa"]
[Date "1899-12-30"]
[Round "2.9"]
[White "Rudzinska, Michalina"]
[Black "Kokoszczynski, Jan"]
[Result "1/2-1/2"]
[WhiteTitle "WFM"]
[BlackTitle "k"]
[WhiteElo "2005"]
[BlackElo "2264"]

1. e4 e6 2. d4 d5 3. Nd2 c5 4. exd5 exd5 5. Ngf3 Nc6 6. Bb5 Qe7+ 7. Be2 Qc7 8.
O-O Nf6 9. Re1 Be6 10. Bf1 h6 11. dxc5 Bxc5 12. Nb3 Bb6 13. c3 O-O 14. Nfd4 Rae8
15. h3 Bc8 16. Be3 a6 17. Qc2 Ne4 18. Rad1 f5 19. Nxc6 bxc6 20. Bxb6 Qxb6 21.
c4 dxc4 1/2-1/2

[Event "Miedzynarodowy Festiwal Szachowy VARSOVIA 2019 - grupa A"]
[Site "Warszawa"]
[Date "1899-12-30"]
[Round "2.10"]
[White "Kowalczyk, Rafal"]
[Black "Harazinska, Magdalena"]
[Result "1-0"]
[WhiteTitle "k++"]
[BlackTitle "WFM"]
[WhiteElo "2242"]
[BlackElo "1994"]

1. e4 c5 2. c3 d5 3. exd5 Qxd5 4. d4 e6 5. Nf3 Nf6 6. Na3 a6 7. Nc4 Nbd7 8. a4
b6 9. Be3 Bb7 10. dxc5 Bxc5 11. Bxc5 bxc5 12. Qc2 O-O 13. Be2 Qe4 14. Qxe4 Bxe4
15. O-O Rfd8 16. Rfd1 Nd5 17. Nfd2 Bc2 18. Rdc1 Bg6 19. Bf3 Rab8 20. Ne4 Bxe4
21. Bxe4 f5 22. Bf3 N7f6 23. Rc2 Nf4 24. Re1 Re8 25. h4 h6 26. g3 N4d5 27. Rce2
Nb6 28. Nd6 Red8 29. Rxe6 Nxa4 30. Nxf5 Nxb2 31. Re7 Ne8 32. Bh5 Nf6 33. Rxg7+
Kh8 34. Rg6 Nxh5 35. Rxh6+ Kg8 36. Rxh5 Rd1 37. Rxd1 Nxd1 38. Ne7+ Kf7 39. Nc6
Rb1 40. Rxc5 Nxc3+ 41. Kg2 Ne4 42. Rf5+ Kg7 43. Rf4 Re1 44. g4 Nc5 45. Rf5 Nd3
46. Rf3 Rd1 47. Rf5 Re1 48. h5 Rc1 49. Ne5 Ne1+ 50. Kg3 Nc2 51. Rf7+ Kh6 52. Kf4
1-0

[Event "Miedzynarodowy Festiwal Szachowy VARSOVIA 2019 - grupa A"]
[Site "Warszawa"]
[Date "1899-12-30"]
[Round "2.11"]
[White "Wikar, Martyna"]
[Black "Kubicka, Anna"]
[Result "1/2-1/2"]
[WhiteTitle "k+"]
[BlackTitle "WIM"]
[WhiteElo "1978"]
[BlackElo "2221"]

1. g3 d5 2. Bg2 e5 3. c4 d4 4. d3 Nf6 5. Nf3 Nc6 6. Nbd2 Be7 7. O-O O-O 8. Ne1
Re8 9. Rb1 a5 10. h3 Bf8 11. Ne4 Nxe4 12. dxe4 Be6 13. b3 Nb4 14. Qd2 Qd7 15.
Kh2 a4 16. f4 axb3 17. axb3 exf4 18. gxf4 f6 19. Nd3 Nxd3 20. Qxd3 Ra5 21. Bb2
Rd8 22. Rbd1 c5 23. Qg3 Ra2 24. Rd2 b5 25. e3 bxc4 26. exd4 cxd4 27. bxc4 Bxc4
28. Rxd4 Qc8 29. Rc1 Rxd4 30. Bxd4 Qa6 31. Kh1 Bf7 32. e5 Qa4 33. e6 Bxe6 34.
Bxf6 Qa3 35. Rc3 Ra1+ 36. Kh2 Qa7 37. Re3 Ra6 38. Bc3 Qf7 39. Be5 Ra2 40. Kh1
Rc2 41. Rc3 Rxc3 42. Qxc3 Bd5 43. Qd3 Bxg2+ 44. Kxg2 Qa2+ 45. Kg3 Qe6 46. Qe4
g6 47. Qb7 Qf7 48. Qxf7+ Kxf7 49. Kg4 Be7 50. f5 h5+ 51. Kf4 g5+ 52. Ke4 Bf6 53.
Bd6 Bb2 54. Bc7 Bc1 55. Bd6 Bd2 56. Bc7 g4 57. hxg4 hxg4 58. Bf4 Be1 59. Be5 Bd2
1/2-1/2

[Event "Miedzynarodowy Festiwal Szachowy VARSOVIA 2019 - grupa A"]
[Site "Warszawa"]
[Date "1899-12-30"]
[Round "2.12"]
[White "Derylo, Kamil"]
[Black "Vysochin, Spartak"]
[Result "0-1"]
[WhiteTitle "I++"]
[BlackTitle "GM"]
[WhiteElo "1999"]
[BlackElo "2512"]

1. Nf3 d5 2. e3 Nf6 3. c4 c6 4. Nc3 a6 5. b3 Bf5 6. Bb2 h6 7. d4 e6 8. Bd3 Bxd3
9. Qxd3 Nbd7 10. O-O Be7 11. Rfd1 O-O 12. e4 dxe4 13. Nxe4 Nxe4 14. Qxe4 Nf6 15.
Qe2 Qa5 16. Rd2 Ba3 17. Bxa3 Qxa3 18. h3 Rad8 19. Rad1 Rd6 20. Ne5 Qa5 21. h4
Rfd8 22. c5 Rd5 23. g4 Nh7 24. Nc4 Qc7 25. Nb6 Qf4 26. Nxd5 Rxd5 27. Rd3 Nf6 28.
Qf3 Qxf3 29. Rxf3 Nxg4 30. Kg2 h5 31. Rfd3 Nh6 32. Re1 Nf5 33. Re4 g6 34. Kf1
Kf8 35. Ke1 Ke7 36. Kd2 f6 37. Kc3 g5 38. Rd2 Nxh4 39. Rde2 Kf7 40. Rxe6 Nf5 41.
R6e4 h4 42. f3 Rd7 43. Rd2 Ng3 44. Re1 Rd5 45. b4 Rf5 46. Kc4 Rxf3 47. d5 cxd5+
48. Rxd5 h3 49. Rd7+ Kg6 50. Rxb7 Rf4+ 51. Kb3 h2 52. c6 Nf1 53. c7 h1=Q 54. c8=Q
Qd5+ 55. Ka4 Qxa2# 0-1

[Event "Miedzynarodowy Festiwal Szachowy VARSOVIA 2019 - grupa A"]
[Site "Warszawa"]
[Date "1899-12-30"]
[Round "2.13"]
[White "Pacan-milej, Kosma"]
[Black "Czechowski, Jakub"]
[Result "1-0"]
[WhiteTitle "FM"]
[BlackTitle "I+"]
[WhiteElo "2315"]
[BlackElo "1963"]

1. d4 Nf6 2. c4 g6 3. Nc3 Bg7 4. e4 d6 5. Be2 O-O 6. Be3 e5 7. d5 Nbd7 8. g4 Nc5
9. f3 a5 10. h4 h5 11. g5 Nfd7 12. Nh3 f5 13. gxf6 Nxf6 14. Qd2 Nh7 15. O-O-O
Bd7 16. Rdg1 Rf6 17. f4 Bxh3 18. fxe5 Bg4 19. exf6 Nxf6 20. e5 Nfe4 21. Nxe4 Nxe4
22. Qc2 Bxe2 23. Rxg6 1-0

[Event "Miedzynarodowy Festiwal Szachowy VARSOVIA 2019 - grupa A"]
[Site "Warszawa"]
[Date "1899-12-30"]
[Round "2.14"]
[White "Siekanska, Maria"]
[Black "Siekanski, Janusz"]
[Result "1/2-1/2"]
[WhiteTitle "I++"]
[BlackTitle "k"]
[WhiteElo "1773"]
[BlackElo "2206"]

1. d4 d5 2. c4 e6 3. Nc3 c5 4. cxd5 exd5 5. Nf3 Nc6 6. g3 Nf6 7. Bg2 Be7 8. O-O
O-O 9. dxc5 Bxc5 10. Na4 Be7 11. Be3 Bg4 12. Rc1 Re8 13. Nc5 Bxc5 14. Bxc5 Qd7
15. Re1 Bh3 16. Bh1 Rac8 17. a3 h6 18. Qa4 Re4 19. Qb3 Qe6 20. Be3 Ng4 21. Nd2
Re5 22. Nf3 Re4 23. Nd2 Re5 24. Nf3 Re4 25. Nd2 1/2-1/2

[Event "Miedzynarodowy Festiwal Szachowy VARSOVIA 2019 - grupa A"]
[Site "Warszawa"]
[Date "1899-12-30"]
[Round "2.15"]
[White "Adamski, Jan"]
[Black "Goraj, Barbara"]
[Result "1/2-1/2"]
[WhiteTitle "IM"]
[BlackTitle "WCM"]
[WhiteElo "2170"]
[BlackElo "2044"]

1. Nf3 d5 2. c4 e6 3. g3 Nf6 4. Bg2 Be7 5. d4 O-O 6. Qc2 dxc4 7. Qxc4 c6 8. O-O
b5 9. Qc2 Bb7 10. Bg5 Nbd7 11. Nc3 h6 12. Bxf6 Nxf6 13. Ne4 Nxe4 14. Qxe4 Rb8
15. Qe3 Qb6 16. Rac1 Rbc8 17. Nd2 Rfd8 18. Nb3 Bf6 19. Rfd1 e5 20. dxe5 Qxe3 21.
fxe3 Bxe5 22. Nd4 Rc7 23. Rc2 Rcd7 24. Bxc6 Bxc6 25. Rxc6 Bxd4 26. exd4 Rxd4 27.
Rxd4 Rxd4 28. Kf2 Rd2 29. Ra6 Rxb2 30. Rxa7 g6 1/2-1/2

[Event "Miedzynarodowy Festiwal Szachowy VARSOVIA 2019 - grupa A"]
[Site "Warszawa"]
[Date "1899-12-30"]
[Round "2.16"]
[White "Malicka, Maria"]
[Black "Kolasinski, Krzysztof"]
[Result "1/2-1/2"]
[WhiteTitle "WCM"]
[BlackTitle "I++"]
[WhiteElo "2104"]
[BlackElo "2115"]

1. e4 c5 2. Nf3 Nc6 3. d4 cxd4 4. Nxd4 e5 5. Nb5 d6 6. N1c3 a6 7. Na3 Be7 8. Nc4
b5 9. Ne3 Nf6 10. Ned5 Be6 11. Be2 O-O 12. Nxf6+ Bxf6 13. O-O b4 14. Nd5 Bxd5
15. exd5 Nd4 16. Be3 Nxe2+ 17. Qxe2 Qc7 18. a3 a5 19. axb4 axb4 20. Qd3 Rac8 21.
Bd2 e4 1/2-1/2

[Event "Miedzynarodowy Festiwal Szachowy VARSOVIA 2019 - grupa A"]
[Site "Warszawa"]
[Date "1899-12-30"]
[Round "2.17"]
[White "Skurniak, Szymon"]
[Black "Mikhaletz, Lubomir"]
[Result "0-1"]
[WhiteTitle "I+"]
[BlackTitle "GM"]
[WhiteElo "2030"]
[BlackElo "2386"]

1. e4 c6 2. d4 d5 3. Nc3 g6 4. h3 Bg7 5. Nf3 Nh6 6. Bf4 f6 7. Qd2 Nf7 8. O-O-O
b5 9. exd5 b4 10. Na4 Qa5 11. Nc5 cxd5 12. Kb1 O-O 13. g4 Nc6 14. Bg2 e5 15. Nb3
Qb5 16. dxe5 fxe5 17. Bg3 Be6 18. Rhe1 Qb6 19. Ng1 a5 20. f4 a4 21. Bf2 d4 22.
Nc1 b3 23. cxb3 axb3 24. a3 Nd6 25. fxe5 Nc4 26. Qe2 Rxa3 27. bxa3 Nxa3+ 28. Kb2
Nc4+ 29. Kb1 b2 30. Rd3 bxc1=Q+ 31. Kxc1 Bh6+ 32. Kd1 Qb1# 0-1

[Event "Miedzynarodowy Festiwal Szachowy VARSOVIA 2019 - grupa A"]
[Site "Warszawa"]
[Date "1899-12-30"]
[Round "2.18"]
[White "Jurkiewicz, Krzysztof"]
[Black "Licznerski, Lukasz"]
[Result "0-1"]
[WhiteTitle "k"]
[BlackTitle "FM"]
[WhiteElo "2023"]
[BlackElo "2373"]

1. d4 Nf6 2. c4 g6 3. Nc3 d5 4. Nf3 Bg7 5. Bg5 Ne4 6. cxd5 Nxg5 7. Nxg5 O-O 8.
Nf3 c6 9. e3 cxd5 10. Be2 Nc6 11. Qb3 e6 12. O-O Na5 13. Qa3 Bd7 14. b3 a6 15.
Na4 Bxa4 16. Qxa4 Qb6 17. Rfc1 Rfc8 18. Qd7 Nc6 19. Qd6 Rc7 20. Rab1 Rac8 21.
Qc5 Nxd4 22. Qxb6 Rxc1+ 23. Bf1 Ne2+ 24. Kh1 Rxb1 25. Nd2 Rd1 26. g3 Rxd2 27.
Qxb7 Rc1 28. Kg2 Rcc2 29. Qxa6 Nc3 30. Bd3 Rxf2+ 31. Kg1 Rg2+ 32. Kf1 Rcf2+ 33.
Ke1 Ne4 34. Bxe4 Bc3+ 0-1

[Event "Miedzynarodowy Festiwal Szachowy VARSOVIA 2019 - grupa A"]
[Site "Warszawa"]
[Date "1899-12-30"]
[Round "2.19"]
[White "Kowalski, Igor"]
[Black "Malaczek, Mateusz"]
[Result "1-0"]
[WhiteTitle "FM"]
[BlackTitle "II+"]
[WhiteElo "2354"]
[BlackElo "2028"]

1. d4 g6 2. c4 Bg7 3. e4 d6 4. Nc3 e5 5. Be3 exd4 6. Bxd4 Nf6 7. f3 O-O 8. Qd2
Be6 9. h4 Nc6 10. Bf2 Ne5 11. b3 c6 12. Bd4 Qc7 13. O-O-O a6 14. Be2 Rfd8 15.
f4 Neg4 16. Bxg4 Bxg4 17. Nf3 b5 18. Qe3 Qa5 19. e5 Qa3+ 20. Kb1 Bf5+ 21. Ka1
Ng4 22. Qe2 c5 23. Bf2 Nxf2 24. Qxf2 dxe5 25. Nxe5 bxc4 26. Qb2 Qb4 27. Nd5 Rxd5
28. Rxd5 c3 29. Qf2 c2 30. Qd2 Qxd2 31. Rxd2 Re8 32. Kb2 Rxe5 33. fxe5 Bxe5+ 34.
Kc1 Bf4 35. Rf1 Be3 36. Rf3 Bh6 37. Rc3 Bf8 38. Rd8 Kg7 39. Rxf8 1-0

[Event "Miedzynarodowy Festiwal Szachowy VARSOVIA 2019 - grupa A"]
[Site "Warszawa"]
[Date "1899-12-30"]
[Round "2.20"]
[White "Bukojemski, Adam"]
[Black "Szewczyk, Mariusz"]
[Result "1-0"]
[WhiteTitle "k"]
[BlackTitle "I++"]
[WhiteElo "2219"]
[BlackElo "2022"]

1. e4 e5 2. Nf3 Nf6 3. Nc3 Nc6 4. Bb5 Nd4 5. Bc4 d6 6. h3 Be7 7. d3 Nxf3+ 8. Qxf3
O-O 9. g4 Be6 10. g5 Ne8 11. h4 c6 12. Bxe6 fxe6 13. Qg4 Nc7 14. g6 h6 15. Be3
d5 16. Ne2 Qd7 17. Ng3 Bb4+ 18. Ke2 Na6 19. Qh5 Qc7 20. Rh2 Bc5 21. Bd2 Nb8 22.
Qg4 Qe7 23. b4 Bxb4 24. Bg5 Qd6 25. Bxh6 gxh6 26. Nh5 Nd7 27. g7 Rf6 28. Nxf6+
Nxf6 29. Qg6 Qe7 30. Rg1 Qf7 31. Rhg2 Qxg6 32. Rxg6 Be7 33. Rxh6 Kf7 34. Rh8 Rg8
35. h5 Rxg7 36. Rxg7+ Kxg7 37. Rb8 b5 38. Rb7 Ng8 39. Rxa7 Kh6 40. Ra6 Kxh5 41.
Rxc6 dxe4 42. dxe4 Kg5 43. c3 b4 44. cxb4 Bxb4 45. Rc4 Ba5 46. Ra4 Bb6 47. Ra6
Bd4 48. a4 Nf6 49. f3 Nd7 50. Rd6 Nc5 51. a5 Na4 52. a6 Nc3+ 53. Kd3 Nb5 54. Rxe6
Na7 55. Re8 Nb5 56. Rb8 Na7 57. Rf8 Nc6 58. Kc4 Kg6 59. f4 Kg7 60. Rc8 Na7 61.
Rc7+ Kf6 62. f5 Be3 63. Kd5 Bd4 64. Rb7 Be3 65. Kd6 Bd4 66. Kd7 Be3 67. Rb3 Bc5
68. Kc7 Kg5 69. Rb7 Bd4 70. Rxa7 Kxf5 71. exf5 1-0

[Event "Miedzynarodowy Festiwal Szachowy VARSOVIA 2019 - grupa A"]
[Site "Warszawa"]
[Date "1899-12-30"]
[Round "2.21"]
[White "Bugajski, Robert"]
[Black "Starosta, Martyna"]
[Result "0-1"]
[WhiteTitle "FM"]
[BlackTitle "WCM"]
[WhiteElo "2203"]
[BlackElo "2019"]

1. d4 Nf6 2. c4 g6 3. Nf3 Bg7 4. g3 c6 5. Bg2 d5 6. cxd5 cxd5 7. O-O O-O 8. Nc3
Ne4 9. Bf4 Nc6 10. Rc1 Bf5 11. Qa4 a6 12. Ne5 Nxe5 13. dxe5 Nxc3 14. Rxc3 Bd7
15. Qd4 Bc6 16. Rd1 e6 17. h4 h6 18. Qd2 Kh7 19. Qc1 f6 20. exf6 Qxf6 21. Be3
Qf7 22. Rcd3 Bb5 23. R3d2 Rac8 24. Rc2 Rxc2 25. Qxc2 d4 26. Rxd4 Bxd4 27. Bxd4
e5 28. h5 Bc6 29. Bxc6 bxc6 30. hxg6+ Qxg6 31. Qxg6+ Kxg6 32. Bxe5 Re8 33. f4
Kf5 34. Kf2 Ke4 35. Bc3 c5 36. Be5 a5 37. Bc3 a4 38. a3 Re6 39. Be5 h5 40. e3
Re8 41. Bd6 Rd8 42. Bxc5 Rd2+ 43. Kg1 Rxb2 44. Bd6 Rb3 45. Bc5 Rc3 46. Bb4 Rxe3
47. Kg2 Rb3 48. Be7 Kf5 49. Kh3 Rb1 50. Bf8 Ra1 51. Be7 Rh1+ 52. Kg2 Re1 53. Bb4
Rb1 54. Be7 Kg4 55. Bf6 Rb3 56. Be7 Rxg3+ 57. Kh2 Rf3 58. Bd6 Rxf4 59. Kh3+ 0-1

[Event "Miedzynarodowy Festiwal Szachowy VARSOVIA 2019 - grupa A"]
[Site "Warszawa"]
[Date "1899-12-30"]
[Round "2.22"]
[White "Falkowski, Dawid"]
[Black "Koziorowicz, Michal"]
[Result "1/2-1/2"]
[WhiteTitle "k"]
[BlackTitle "k"]
[WhiteElo "1957"]
[BlackElo "2184"]

1. e4 c5 2. Nc3 g6 3. f4 Bg7 4. Nf3 Nc6 5. Bb5 Nd4 6. Nxd4 cxd4 7. Ne2 Qa5 8. Bd3
b6 9. b3 Bb7 10. Bb2 Qc5 11. a4 h5 12. Ba3 Qc6 13. Bb2 Qc5 14. Ba3 Qc7 15. O-O
Nf6 16. e5 Qc6 17. Rf3 Ng4 18. Nxd4 Qc8 19. Rg3 d6 20. Bb5+ Kf8 21. Rc3 Qd8 22.
Nc6 Bxc6 23. Bxc6 Rc8 24. d4 dxe5 25. dxe5 Nxe5 26. fxe5 Bxe5 27. Rd3 Qc7 28.
Rd7 Qxc6 29. Rxe7 Kg7 30. Rxe5 Rhd8 31. Qf3 Qxf3 32. gxf3 Rxc2 33. Bb4 Rd3 34.
Rb1 Rxf3 35. Re7 Rff2 36. Rxa7 Rg2+ 37. Kh1 Rxh2+ 38. Kg1 h4 39. Bd6 Rcg2+ 40.
Kf1 Rf2+ 41. Kg1 Rfg2+ 42. Kf1 Rf2+ 43. Kg1 1/2-1/2

[Event "Miedzynarodowy Festiwal Szachowy VARSOVIA 2019 - grupa A"]
[Site "Warszawa"]
[Date "1899-12-30"]
[Round "2.23"]
[White "Hetzer, Volkhard"]
[Black "Czernek, Tymon"]
[Result "0-1"]
[WhiteTitle ""]
[BlackTitle "I++"]
[WhiteElo "1927"]
[BlackElo "2097"]

1. c4 e5 2. g3 c6 3. Nf3 e4 4. Nd4 d5 5. cxd5 cxd5 6. Nc3 Nf6 7. Bg2 Nc6 8. Nxc6
bxc6 9. O-O Be7 10. d3 exd3 11. Qxd3 O-O 12. b3 Re8 13. Bb2 Qa5 14. Rfd1 Ba6 15.
Qc2 Rad8 16. e3 Bc8 17. h3 Bb7 18. Rac1 h6 19. Ne2 Nd7 20. Nd4 Rc8 21. Nf5 Bf8
22. e4 Nb6 23. Bc3 Qc5 24. Qb2 dxe4 25. Nxg7 Bxg7 26. Bxg7 Qg5 27. Qf6 Qxg7 0-1

[Event "Miedzynarodowy Festiwal Szachowy VARSOVIA 2019 - grupa A"]
[Site "Warszawa"]
[Date "1899-12-30"]
[Round "2.24"]
[White "Wielecki, Zygmunt"]
[Black "Karwacki, Piotr"]
[Result "0-1"]
[WhiteTitle "k"]
[BlackTitle "I"]
[WhiteElo "2095"]
[BlackElo "1952"]

1. Nf3 c5 2. b3 d5 3. e4 dxe4 4. Ng5 Bf5 5. Nc3 Nf6 6. Bb5+ Nc6 7. Bxc6+ bxc6 8.
Qe2 Qd4 9. f3 e3 10. Qxe3 Bxc2 11. Ba3 Nd5 12. Nxd5 Qxa1+ 13. Kf2 Qxh1 14. Qxc5
Rc8 15. Qxc2 e6 16. Bxf8 Rxf8 0-1